000 00916nam a2200217Ia 4500
999 _c39887
_d39887
001 6492
003 GE_BSU
005 20190607170557.0
008 181216s1972||||ge |||||||||||||| ||geo||
040 _cGE_BSU
041 _ageo
080 _a621.1.016(075.8) შ–97
100 _aლომინაძე, შ.პ.
_92281
245 _aთბოტექნიკის თეორიული საფუძვლები : სახელმძღვ. /
_cა. შჩეგლიაევ ; რედ : ი.გოგუაძე.
250 _aმეორე გამოც.
264 _aთბილისი :
_bგანათლება
_c1972.
300 _a381 გვ .:
_bცხრ.
_c22 სმ.
653 _aთბოტექნიკის თეორიული საფუძვლები
700 _aგოგსაძე, ვ
_eრედაქტორი
_9496
942 _cBK
_2udc